=LDR 00000nam 2200000 4500 =001 INLIS000000000050245 =005 20170426085350 =035 ##$$a 0010-0417000060 =007 ta =008 170426###########################0###### =020 ##$$a 978 - 979 - 002 - 595 - 06 =082 ##$$a 636 =084 ##$$a 636 MUH h =100 #$$a Muhammad , Kanda Y. =245 1#$$a Hewan Kesayangan /$c Kanda Y. Muhammad , Pratiwi Kusumaningtyas =250 ##$$a Cet.1 =260 ##$$a Jakarta :$b Penebar Swadaya,$c 2013 =300 ##$$a iv, 212 hlm. : $b Ilus ; $c 23 cm. =650 ##$$a Hewan , Peternakan =700 #$$a Pratwi Kusumaningtyas =990 ##$$a 73667366 =990 ##$$a 73667366 =990 ##$$a 31700275 =990 ##$$a 02201707366 =990 ##$$a 31700276 =990 ##$$a 31700275